Bailey & Love's Short practice of Surgery (Record no. 24899)

MARC details
000 -LEADER
fixed length control field 00345nam a22001577a 4500
003 - CONTROL NUMBER IDENTIFIER
control field SGT
020 ## - INTERNATIONAL STANDARD BOOK NUMBER
International Standard Book Number 9781032452494
082 ## - DEWEY DECIMAL CLASSIFICATION NUMBER
Classification number 617
Item number B23O
100 ## - MAIN ENTRY--PERSONAL NAME
Personal name O'Connell, P. Ronan
245 ## - TITLE STATEMENT
Title Bailey & Love's Short practice of Surgery
250 ## - EDITION STATEMENT
Edition statement 28th
260 ## - PUBLICATION, DISTRIBUTION, ETC. (IMPRINT)
Name of publisher, distributor, etc CRC Press
Year of Publication 2023
300 ## - PAGE DESCRIPTION
No. of Pages 849
650 ## - SUBJECT ADDED ENTRY--TOPICAL TERM
Topical term or geographic name as entry element Surgery
942 ## - ADDED ENTRY ELEMENTS (KOHA)
Source of classification or shelving scheme Dewey Decimal Classification
Koha item type Books
Holdings
Withdrawn status Lost status Source of classification or shelving scheme Damaged status Not for loan Home library Current library Shelving location Date acquired Vendor Name Volume Information (Serial or Books or Non-Book Material) SGTU Bill Number Total Checkouts Full call number Accession No. (Barcode) Date last seen Date last borrowed Bill Date Koha item type
    Dewey Decimal Classification   Not For Loan SGT Dental Library SGT Dental Library Reference Book 26/08/2023 Ahuja Book Co. Pvt. Ltd. Vol. 1 SGTU 16974 1 617 B23O FD9306 21/05/2026 18/05/2026 28/06/2023 Books
    Dewey Decimal Classification   Not For Loan SGT Dental Library SGT Dental Library Reference Book 26/08/2023 Ahuja Book Co. Pvt. Ltd. Vol. 1 SGTU 16974   617 B23O FD9308 26/08/2023   28/06/2023 Books